000 00355nam a2200109Ia 4500
008 171211s9999 xx 000 0 und d
245 _aMusic Theory in Mamluk Cairo: The gayat al-matlub fi ‘ilm al-adwar wa-’l-durub by Ibn Kurr
245 _cOwen Wright
260 _c2016
650 _xmusic
856 _uhttp://down.ebook777.com/059/9781409468813.pdf
999 _c348708
_d348708